Magic of C# with Net Frame Work (Record no. 184076)

MARC details
000 -LEADER
fixed length control field 00488nam a2200205Ia 4500
008 - FIXED-LENGTH DATA ELEMENTS--GENERAL INFORMATION
fixed length control field 240823s9999||||xx |||||||||||||| ||und||
020 ## - INTERNATIONAL STANDARD BOOK NUMBER
International Standard Book Number 81-318-0086-5
082 ## - DEWEY DECIMAL CLASSIFICATION NUMBER
-- 005.133 P9
100 ## - MAIN ENTRY--PERSONAL NAME
Personal name Shibi Panikkar
245 #0 - TITLE STATEMENT
Title Magic of C# with Net Frame Work
250 ## - EDITION STATEMENT
Edition statement 2nd
260 ## - PUBLICATION, DISTRIBUTION, ETC. (IMPRINT)
Date of publication, distribution, etc 2009
Name of publisher, distributor, etc Firewall
Place of publication, distribution, etc NewDelhi
500 ## - GENERAL NOTE
General note YES
650 ## - SUBJECT ADDED ENTRY--TOPICAL TERM
Topical term or geographic name as entry element C#
700 ## - ADDED ENTRY--PERSONAL NAME
Personal name Kumar Sanjeev
942 ## - ADDED ENTRY ELEMENTS (KOHA)
Item type Books
Holdings
Withdrawn status Lost status Damaged status Permanent location Current location Date acquired Source of acquisition Cost, normal purchase price Full call number Barcode Date last seen Koha item type
      CENTRAL LIBRARY, NOORUL ISLAM CENTRE FOR HIGHER EDUCATION CENTRAL LIBRARY, NOORUL ISLAM CENTRE FOR HIGHER EDUCATION 04/06/2010 Tamil Nadu Book House 495.00 005.133 P9 36935 08/23/2024 Books
Visitors:
Copyright © 2024 Central Library NICHE.  All rights reserved.